La variabilidad de los costes de producción / (Record no. 148027)

MARC details
000 -LEADER
campo de control de longitud fija 00541nam a2200169 4500
001 - NÚMERO DE CONTROL
campo de control 148027
003 - IDENTIFICADOR DE NÚMERO DE CONTROL
campo de control ES-MaACL
005 - FECHA Y HORA DE LA ÚLTIMA TRANSACCIÓN
campo de control 20230906202405.0
007 - CAMPO FIJO DE DESCRIPCIÓN FÍSICA--INFORMACIÓN GENERAL
campo de control de longitud fija t|
008 - DATOS DE LONGITUD FIJA--INFORMACIÓN GENERAL
campo de control de longitud fija 070214s1966 sp r ||||1| spa d
100 1# - ENTRADA PRINCIPAL--NOMBRE DE PERSONA
Nombre de persona Spranzi, Aldo.
9 (RLIN) 107791
245 13 - MENCIÓN DEL TÍTULO
Título La variabilidad de los costes de producción /
Mención de responsabilidad, etc. Aldo Spranzi ; traducción de José Luis Díaz de Liaño.
260 ## - PUBLICACIÓN, DISTRIBUCIÓN, ETC.
Lugar de publicación, distribución, etc. Madrid :
Nombre del editor, distribuidor, etc. Montecorvo,
Fecha de publicación, distribución, etc. 1966.
300 ## - DESCRIPCIÓN FÍSICA
Extensión 446 p. :
Otras características físicas il. ;
Dimensiones 25 cm.
700 1# - ENTRADA AGREGADA--NOMBRE PERSONAL
Nombre de persona Díaz de Liaño, José Luis.
9 (RLIN) 44241
852 ## - LOCALIZACIÓN
Ubicación ES-MaACL
Número de control de estantería C-30826
Sublocalización o colección R.60676
Holdings
Estatus retirado Estado de pérdida Estado de daño No para préstamo Biblioteca de origen Biblioteca actual Ubicación en estantería Fecha de adquisición Fuente de adquisición Total de préstamos Signatura topográfica completa Código de barras Visto por última vez Precio de reemplazo Tipo de ítem Koha
        Biblioteca del Ateneo de Madrid Biblioteca del Ateneo de Madrid Depósito 2 17/01/2008     C-30826 1154482 23/02/2023 23/02/2023 Libro impreso